000
00312nam a2200133Ia 4500
008
240624s9999 xx 000 0 und d
041
_a
eng
082
_a
891.46 PAT
100
_a
PATIL VISHWAS
245
_a
PANIPAT
260
_c
2007
_a
Pune
_b
Rajhans Prakashan
300
_a
553 : p. : cm. ; 21
365
_c
RS
_b
20
999
_c
6917
_d
6917